Introduction to the Practice of Statistics (Record no. 2556)

MARC details
005 - DATE AND TIME OF LATEST TRANSACTION
control field 20250523080642.0
020 ## - INTERNATIONAL STANDARD BOOK NUMBER
International Standard Book Number 0-7167-6400-8
082 ## - DEWEY DECIMAL CLASSIFICATION NUMBER
Classification number LECT 519.5 MOO
100 ## - MAIN ENTRY--PERSONAL NAME
Author name MOORE, D. S.
245 ## - TITLE STATEMENT
Title Introduction to the Practice of Statistics
250 ## - EDITION STATEMENT
Edition statement 5th Ed.
260 ## - PUBLICATION, DISTRIBUTION, ETC.
Place of publication, distribution, etc. New York,
Name of publisher, distributor, etc. W. H. Freeman and Company,
Date of publication, distribution, etc. 2006.
300 ## - PHYSICAL DESCRIPTION
Extent xxxiv, 882p.: ill.; figure, table.
Other physical details Index.
Dimensions 26cm.
Accompanying material CD
700 ## - ADDED ENTRY--PERSONAL NAME
Other authors/Editors McCABLE, G. P.
942 ## - ADDED ENTRY ELEMENTS (KOHA)
Source of classification or shelving scheme Dewey Decimal Classification
Koha item type Books
Holdings
Date last seen Total checkouts Full call number Barcode Cost, replacement price Price effective from Koha item type Lost status Source of classification or shelving scheme Damaged status Not for loan Withdrawn status Home library Current library Shelving location Date acquired Cost, normal purchase price
05/23/2025   LECT 519.5 MOO 0000009658 150000.00 05/23/2025 Books   Dewey Decimal Classification       College of Business Education Main Library College of Business Education Main Library General Collection 11/28/2014 50000.00